Economics for the construction industry / (Record no. 346200)
[ view plain ]
| 000 -LEADER | |
|---|---|
| fixed length control field | 01353 a2200193 4500 |
| 020 ## - INTERNATIONAL STANDARD BOOK NUMBER | |
| International Standard Book Number | 058222912X |
| 020 ## - INTERNATIONAL STANDARD BOOK NUMBER | |
| International Standard Book Number | 9780582229129 |
| 090 ## - LOCALLY ASSIGNED LC-TYPE CALL NUMBER (OCLC); LOCAL CALL NUMBER (RLIN) | |
| -- | 3735 |
| -- | 3735 |
| 100 1# - MAIN ENTRY--PERSONAL NAME | |
| Personal name | Shutt, R. C. |
| 245 10 - TITLE STATEMENT | |
| Title | Economics for the construction industry / |
| Statement of responsibility, etc. | R. C. Shutt. |
| 250 ## - EDITION STATEMENT | |
| Edition statement | 3rd ed. |
| 260 ## - PUBLICATION, DISTRIBUTION, ETC. | |
| Place of publication, distribution, etc. | [S.l.] : |
| Name of publisher, distributor, etc. | Trans-Atlantic Publications, |
| Date of publication, distribution, etc. | 1995. |
| 300 ## - PHYSICAL DESCRIPTION | |
| Extent | 272 p. |
| 500 ## - GENERAL NOTE | |
| General note | Paperback. |
| 520 ## - SUMMARY, ETC. | |
| Summary, etc. | Economics for the Construction Industry is an essential text for all those studying economics units on construction courses at technician, degree and professional level. It will be particularly valuable for those approaching the subject for the very first time. Each chapter discusses an aspect of economics and cost control in relation to the construction industry. Macro- and micro-economics are covered and attention is given to the important topics of cost-benefit analysis, marketing, economic growth, housing, financial and monetary control, the output of the construction industry, and the Single European Market. This revised third edition has been expanded to include up-to-date information, legislation and statistics. |
| 856 40 - ELECTRONIC LOCATION AND ACCESS | |
| Materials specified | Amazon.com |
| Uniform Resource Identifier | <a href="http://www.amazon.com/exec/obidos/ASIN/058222912X/chopaconline-20">http://www.amazon.com/exec/obidos/ASIN/058222912X/chopaconline-20</a> |
| 856 40 - ELECTRONIC LOCATION AND ACCESS | |
| Materials specified | Amazon customer reviews |
| Uniform Resource Identifier | <a href="http://www.chopac.org/cgi-bin/tools/azrev.pl?q=058222912X">http://www.chopac.org/cgi-bin/tools/azrev.pl?q=058222912X</a> |
| 942 ## - ADDED ENTRY ELEMENTS (KOHA) | |
| Institution code [OBSOLETE] | NBS |
| Koha item type | Book |
| Call number prefix | 338.762 SHU |
| Withdrawn status | Lost status | Damaged status | Not for loan | Permanent Location | Current Location | Date acquired | Total Checkouts | Full call number | Barcode | Date last seen | Date last checked out | Price effective from | Koha item type |
|---|---|---|---|---|---|---|---|---|---|---|---|---|---|
| Central Library (CL) | Central Library (CL) | 08/28/2013 | 1 | 338.762 SHU | NBS1573 | 11/22/2017 | 08/15/2017 | 08/28/2013 | Reference |
